00530nam a22001697a 450000500170000001000150001702000260003203500130005803700130007110000200008424500860010426000300019027000680022030000320028850000190032070000210033920130715120152.0 aENG-107977 a9788120347878c795.00 aEN-91510 bDBAD/PUB aChatfield, Carl aMicrosoft project 2013 :cby Carl Chatfield [and] Timothy Johnsonbstep by step / aDelhibPHI Learningc2013 aRimjhim house,111, Patparganj Industrial Estate,bDelhie110092 axv,557p. :c28cm(pbk)bill. aIncludes index aJohnson, Timothy